000 00371nam a2200121Ia 4500
008 210430s9999 xx 000 0 und d
082 _a620.11 B9271 E
100 _aKenneth G. Budinski
_954132
245 _aEngineering Materials Properties and Selection 9th edition
_cKenneth G. Budinski
260 _aNew Delhi
_bPHl Learning
_c2010
300 _a774p
942 _cBK
_2ddc
999 _c564604
_d564604